|
|
|
|
| LEADER |
00000nam a22000007a 4500 |
| 008 |
230621b2022 a|||| |||| 00| | spa d |
| 090 |
|
|
|a 06.02.01
|b 2494
|
| 100 |
|
|
|9 746
|a Vargas Sandoval, Yensi
|
| 245 |
1 |
0 |
|a Programa del Observatorio de la Educación Nacional y Regional /
|c Yensi Vargas Sandoval
|
| 260 |
|
|
|a [San José, Costa Rica] :
|b INIE,
|c 2022
|
| 300 |
|
|
|a 37 páginas;
|b ilustraciones
|
| 500 |
|
|
|a Informe final N° 724-B8-907
|
| 650 |
1 |
4 |
|9 1
|a EDUCACIÓN
|
| 650 |
1 |
4 |
|9 326
|a INVESTIGACIÓN EDUCATIVA
|
| 650 |
1 |
4 |
|9 4007
|a INFORMES DE INVESTIGACIÓN
|
| 856 |
|
|
|u https://uir.inie.ucr.ac.cr/cgi-bin/koha/opac-retrieve-file.pl?id=63f9a5a9ce9076a4f8f4d4f722645b47
|
| 942 |
|
|
|i 004725
|h 06.02.01 2494
|2 z
|c 04
|6 060201_2494_004725
|
| 999 |
|
|
|c 4024
|d 4024
|